| 000 | 00723nam a22002177a 4500 | ||
|---|---|---|---|
| 005 | 20170124110213.0 | ||
| 010 | _a283322 | ||
| 020 | _c00.00 | ||
| 035 | _a283322 | ||
| 037 | _bCen Lib/Ret | ||
| 040 |
_aDPL _bEN |
||
| 082 |
_a025.2 _bWUL |
||
| 100 |
_aWulfekoetter, Gertrude _938599 |
||
| 245 |
_aAcquisition work : _cby Gertrude Wulfekoetter _bprocesses involved in building library collections / |
||
| 260 |
_aSeattle _bUniversity of Washington Press _c1961 |
||
| 300 |
_axvii,268p. _c23cm(Hb) |
||
| 500 | _aIncludes bibliographical references and index | ||
| 650 |
_aAcquisitions (Libraries) _936069 |
||
| 650 |
_aAcademic libraries--Acquisitions _938600 |
||
| 942 |
_2ddc _cEN _h025.2 _mWUL |
||
| 999 |
_c133675 _d133675 |
||